|
|
|
|
| LEADER |
00000nam a22000005a 4500 |
| 001 |
vtls010335080 |
| 003 |
SK-MaSNL |
| 005 |
20260301173448.0 |
| 008 |
150827s2011 xo dbolf 100 0 slo |
| 015 |
|
|
|a SNBA2012/04-02037
|
| 020 |
|
|
|a 9788080772574 (brož.)
|
| 035 |
|
|
|a DF069DCC-6BED-41E2-9722-F57025801D37
|
| 035 |
|
|
|a urn:nbn:sk:snk-amjjk9
|
| 035 |
|
|
|a urn:nbn:sk:snk-am000xer
|
| 040 |
|
|
|a SNK
|b slo
|c SNK
|e AACR2
|
| 041 |
0 |
|
|a slo
|a eng
|b slo
|b eng
|
| 044 |
|
|
|a xo
|c SK
|
| 072 |
|
7 |
|a 636.09
|x Veterinárna medicína
|2 konspekt
|
| 072 |
|
7 |
|a 929
|x Biografie
|2 konspekt
|
| 080 |
|
|
|a 636.09
|2 2001
|
| 080 |
|
|
|a 929
|2 2001
|
| 080 |
|
|
|a (062.534)
|2 2001
|
| 245 |
0 |
0 |
|a Seminár pri príležitosti nedožitých 90. narodenín prof. MVDr. Michala Bartíka, DrSc.
|b zborník prác : 9. december 2011
|c [zostavili: Zuzana Kostecká, Mária Mártonová, Viera Ignáczová]
|
| 250 |
|
|
|a 1. vyd.
|
| 260 |
|
|
|a Košice
|b Univerzita veterinárskeho lekárstva a farmácie
|c 2011
|
| 300 |
|
|
|a 110 s.
|b fotogr., grafy, mp., sch., tab.
|c 21 cm
|
| 366 |
|
|
|e 50 výt.
|
| 504 |
|
|
|a Bibliogr. odkazy
|
| 546 |
|
|
|a Čiast. text angl. Res. angl. a slov.
|
| 600 |
1 |
7 |
|a Bartík, Michal,
|d 1921-2008
|2 SNKMA
|9 248898
|
| 650 |
0 |
7 |
|a veterinárna medicína
|2 SNKPH
|9 1148
|
| 650 |
0 |
7 |
|a osobnosti
|2 SNKPH
|9 29820
|
| 650 |
0 |
7 |
|a Veterinary medicine
|2 SNKPHeng
|9 267512
|
| 650 |
0 |
7 |
|a Celebrities
|2 SNKPHeng
|9 265203
|
| 655 |
|
7 |
|a zbroníky konferencií
|2 SNKPH
|9 544391
|
| 655 |
|
7 |
|a Proceedings of conferences
|2 SNKPHeng
|9 265791
|
| 700 |
1 |
|
|a Kostecká, Zuzana,
|d 1967-
|4 com
|9 236816
|
| 700 |
1 |
|
|a Milkovičová, Mária,
|d 1980-
|4 com
|9 236817
|
| 700 |
1 |
|
|a Ignáczová, Viera
|4 com
|9 544392
|
| 919 |
|
|
|a 978-80-8077-257-4
|
| 958 |
|
|
|a NB
|
| 968 |
|
|
|d 63
|
| 999 |
|
|
|c 836715
|d 838645
|
| 952 |
|
|
|a SNK
|b SNK
|y PREZ
|7 0
|p 17A0795717
|o snkSC 147799
|i snk2012/1116
|8 0
|0 0
|1 0
|4 0
|d 2012-01-16
|l 0
|r 2025-07-16 00:00:00
|w 2026-02-24
|
| 952 |
|
|
|a SNK
|b SNK
|y VYP
|7 0
|p 17A0795716
|o snkSC 147799 D1
|i snk2012/1117
|8 0
|0 0
|1 0
|4 0
|d 2012-01-16
|f 1
|l 0
|r 2026-02-24 03:57:12
|w 2026-02-24
|